000 00459nam a2200181Ia 4500
008 230524s9999 xx 000 0 und d
020 _a817629957X
082 _a362.11
_bGOE
100 _aS.L.Goel
245 0 _aHospital Administration And Management Theory And Practice
250 _aIST
260 _aNEW DELHI
_bDeep & Deep
_c2008
300 _aVI;544
500 _aQuantity Number: 10
650 _aBiomedical
700 _a R.Kumar
942 _cBK
999 _c41909
_d41909